| 000 | 01842nam a2200253Ia 4500 | ||
|---|---|---|---|
| 999 |
_c51701 _d51701 |
||
| 001 | 18692 | ||
| 003 | GE_BSU | ||
| 005 | 20220920163348.0 | ||
| 008 | 181216s2008||||ge |||||||||||||| ||geo|| | ||
| 040 | _cGE_BSU | ||
| 041 | _ageo | ||
| 080 | _a58 მ-59 | ||
| 100 |
_aმეტრეველი, მ. _910672 |
||
| 245 |
_aბათუმის ბოტანიკურ ბაღში ინტროდუცირებული ჰამამელისებრთა - Hamamelidacede ოჯახის სახეობების ადაპტაციის თავისებურებანი : დისერტაცია / _cმ. მეტრეველი; მეცნ. ხელმძღვანელი ვ. პაპუნიძე. ა. ციცვიძე; ბათუმის შოთა რუსთაველის სახ-ფო უნ-ტი. |
||
| 264 |
_aბათუმი : _bბათუმის შოთა რუსთაველის სახ. უნ-ტი, _c2008. |
||
| 300 |
_a144 გვ. ; _b41 ფ.ილ., _c30 სმ. |
||
| 653 | _aბათუმის ბოტანიკურ ბაღში ინტროდუცირებული ჰამამელისებრთა-Hamamelidacede ოჯახის სახეობების ადაპტაციის თავისებურებანი. | ||
| 653 | _aბოტანიკა | ||
| 653 | _aდისერტაცია | ||
| 700 |
_aპაპუნიძე, ვ. _eმეცნ. ხელმძღვანელი _92537 |
||
| 700 |
_aციცვიძე, ა. _eმეცნ. ხელმძღვანელი _910673 |
||
| 710 |
_aბათუმის შოთა რუსთაველის სახ-ფო უნ-ტი. _910674 |
||
| 942 |
_cBK _2udc |
||